[Event "DVM U20 2021"]
[Site "Kiel GER"]
[Date "2022.07.26"]
[Round "7"]
[White "Weller, Uli"]
[Black "Meiwes, Thore"]
[Result "1-0"]
[Termination "normal"]
[Board "4.2"]
[WhiteElo "2195"]
[BlackElo "2105"]
[WhiteClock "00:33:22"]
[BlackClock "00:13:03"]
[WhiteTeam "Schachfreunde Augsburg"]
[BlackTeam "SK Lehrte von 1919 e. V."]
[PlyCount "107"]
[WhiteFideId "12971782"]
[BlackFideId "16201256"]
[EventCountry "GER"]
[EventRounds "7"]
[EventType "team-swiss"]
[EventDate "2022.07.22"]

1. e4 {[%clk 01:30:58]} {[%emt 00:00:01]} c5 {[%clk 01:30:56]} {[%emt
00:00:04]} 2. Nc3 {[%clk 01:31:19]} {[%emt 00:00:09]} Nc6 {[%clk 01:31:22]}
{[%emt 00:00:05]} 3. g3 {[%clk 01:31:41]} {[%emt 00:00:08]} g6 {[%clk
01:31:47]} {[%emt 00:00:04]} 4. d3 {[%clk 01:32:06]} {[%emt 00:00:05]} Bg7
{[%clk 01:32:13]} {[%emt 00:00:04]} 5. Be3 {[%clk 01:32:29]} {[%emt 00:00:07]}
d6 {[%clk 01:32:39]} {[%emt 00:00:04]} 6. Qd2 {[%clk 01:32:48]} {[%emt
00:00:11]} Rb8 {[%clk 01:33:01]} {[%emt 00:00:09]} 7. Bg2 {[%clk 01:32:53]}
{[%emt 00:00:24]} b5 {[%clk 01:33:22]} {[%emt 00:00:09]} 8. Nge2 {[%clk
01:33:04]} {[%emt 00:00:19]} b4 {[%clk 01:33:34]} {[%emt 00:00:17]} 9. Nd1
{[%clk 01:33:26]} {[%emt 00:00:08]} Nd4 {[%clk 01:32:57]} {[%emt 00:01:09]} 10.
O-O {[%clk 01:31:45]} {[%emt 00:02:11]} e6 {[%clk 01:33:13]} {[%emt 00:00:13]}
11. h3 {[%clk 01:15:20]} {[%emt 00:16:55]} Ne7 {[%clk 01:30:28]} {[%emt
00:03:14]} 12. Nc1 {[%clk 01:04:07]} {[%emt 00:11:44]} O-O {[%clk 01:30:38]}
{[%emt 00:00:20]} 13. c3 {[%clk 01:04:19]} {[%emt 00:00:18]} bxc3 {[%clk
01:30:59]} {[%emt 00:00:08]} 14. bxc3 {[%clk 01:04:39]} {[%emt 00:00:11]} Ndc6
{[%clk 01:31:20]} {[%emt 00:00:09]} 15. Bh6 {[%clk 01:04:06]} {[%emt 00:01:03]}
Ba6 {[%clk 01:28:58]} {[%emt 00:02:52]} 16. Bxg7 {[%clk 01:03:48]} {[%emt
00:00:47]} Kxg7 {[%clk 01:29:23]} {[%emt 00:00:07]} 17. Ne3 {[%clk 01:03:50]}
{[%emt 00:00:27]} Qb6 {[%clk 01:17:57]} {[%emt 00:11:57]} 18. Rd1 {[%clk
00:55:10]} {[%emt 00:09:10]} Na5 {[%clk 00:51:50]} {[%emt 00:26:37]} 19. Nb3
{[%clk 00:48:38]} {[%emt 00:07:01]} Rfd8 {[%clk 00:44:56]} {[%emt 00:07:24]}
20. h4 {[%clk 00:34:48]} {[%emt 00:14:20]} c4 {[%clk 00:42:56]} {[%emt
00:02:30]} 21. Nxa5 {[%clk 00:33:40]} {[%emt 00:01:38]} Qxa5 {[%clk 00:43:25]}
{[%emt 00:00:01]} 22. dxc4 {[%clk 00:33:55]} {[%emt 00:00:15]} Rbc8 {[%clk
00:40:44]} {[%emt 00:03:10]} 23. Rab1 {[%clk 00:31:46]} {[%emt 00:02:39]} Rc5
{[%clk 00:33:33]} {[%emt 00:07:42]} 24. e5 {[%clk 00:28:33]} {[%emt 00:03:43]}
h5 {[%clk 00:27:15]} {[%emt 00:06:48]} 25. exd6 {[%clk 00:28:43]} {[%emt
00:00:20]} Nc8 {[%clk 00:25:05]} {[%emt 00:02:40]} 26. Bb7 {[%clk 00:14:47]}
{[%emt 00:14:26]} Rxd6 {[%clk 00:23:46]} {[%emt 00:01:50]} 27. Qc2 {[%clk
00:15:03]} {[%emt 00:00:12]} Bxb7 {[%clk 00:18:58]} {[%emt 00:05:18]} 28. Rxb7
{[%clk 00:15:22]} {[%emt 00:00:12]} Qa6 {[%clk 00:17:31]} {[%emt 00:01:57]} 29.
Rd7 {[%clk 00:14:23]} {[%emt 00:01:29]} Rcc6 {[%clk 00:12:09]} {[%emt
00:05:52]} 30. Qe4 {[%clk 00:13:38]} {[%emt 00:01:14]} Rxd1+ {[%clk 00:11:18]}
{[%emt 00:01:22]} 31. Nxd1 {[%clk 00:12:53]} {[%emt 00:01:15]} Rd6 {[%clk
00:10:49]} {[%emt 00:00:59]} 32. Rxd6 {[%clk 00:10:27]} {[%emt 00:02:56]} Qxd6
{[%clk 00:08:16]} {[%emt 00:03:02]} 33. Qd4+ {[%clk 00:10:36]} {[%emt
00:00:22]} Kg8 {[%clk 00:07:36]} {[%emt 00:01:10]} 34. Ne3 {[%clk 00:10:35]}
{[%emt 00:00:31]} Qc7 {[%clk 00:06:49]} {[%emt 00:01:17]} 35. g4 {[%clk
00:09:48]} {[%emt 00:01:17]} Ne7 {[%clk 00:04:42]} {[%emt 00:02:36]} 36. gxh5
{[%clk 00:08:13]} {[%emt 00:02:05]} gxh5 {[%clk 00:04:53]} {[%emt 00:00:20]}
37. c5 {[%clk 00:07:57]} {[%emt 00:00:46]} Ng6 {[%clk 00:03:38]} {[%emt
00:01:46]} 38. Nc4 {[%clk 00:04:59]} {[%emt 00:03:27]} Qf4 {[%clk 00:02:50]}
{[%emt 00:01:18]} 39. c6 {[%clk 00:04:38]} {[%emt 00:00:52]} Qxd4 {[%clk
00:01:10]} {[%emt 00:02:09]} 40. cxd4 {[%clk 00:04:57]} {[%emt 00:00:11]} Ne7
{[%clk 00:01:15]} {[%emt 00:00:25]} 41. c7 {[%clk 00:04:46]} {[%emt 00:00:40]}
Nc8 {[%clk 00:01:13]} {[%emt 00:00:33]} 42. Kg2 {[%clk 00:04:02]} {[%emt
00:01:15]} f6 {[%clk 00:27:06]} {[%emt 00:04:36]} 43. Kf3 {[%clk 00:33:30]}
{[%emt 00:01:02]} Kf7 {[%clk 00:27:27]} {[%emt 00:00:08]} 44. Ke4 {[%clk
00:32:40]} {[%emt 00:01:21]} Ke7 {[%clk 00:27:34]} {[%emt 00:00:22]} 45. f4
{[%clk 00:32:47]} {[%emt 00:00:24]} Kd7 {[%clk 00:22:04]} {[%emt 00:06:00]} 46.
f5 {[%clk 00:32:41]} {[%emt 00:00:36]} exf5+ {[%clk 00:22:21]} {[%emt
00:00:13]} 47. Kxf5 {[%clk 00:33:02]} {[%emt 00:00:09]} Kxc7 {[%clk 00:22:25]}
{[%emt 00:00:25]} 48. Kxf6 {[%clk 00:32:30]} {[%emt 00:01:02]} Kc6 {[%clk
00:20:54]} {[%emt 00:02:02]} 49. Ke6 {[%clk 00:32:34]} {[%emt 00:00:25]} a6
{[%clk 00:14:17]} {[%emt 00:07:07]} 50. d5+ {[%clk 00:32:56]} {[%emt 00:00:08]}
Kc5 {[%clk 00:13:19]} {[%emt 00:01:29]} 51. d6 {[%clk 00:33:03]} {[%emt
00:00:23]} Nxd6 {[%clk 00:12:44]} {[%emt 00:01:03]} 52. Nxd6 {[%clk 00:33:26]}
{[%emt 00:00:09]} Kb4 {[%clk 00:13:08]} {[%emt 00:00:06]} 53. Nb7 {[%clk
00:33:22]} {[%emt 00:00:34]} a5 {[%clk 00:13:03]} {[%emt 00:00:35]} 54. Nxa5
{[%emt 00:00:07]} 1-0

[Event "DVM U20 2021"]
[Site "Kiel GER"]
[Date "2022.07.26"]
[Round "7"]
[White "Dornieden, Jonas"]
[Black "McPherson, Elisha"]
[Result "1-0"]
[Termination "normal"]
[Board "4.3"]
[WhiteElo "2044"]
[BlackElo "2006"]
[WhiteClock "00:23:51"]
[BlackClock "00:01:07"]
[WhiteTeam "SK Lehrte von 1919 e. V."]
[BlackTeam "Schachfreunde Augsburg"]
[PlyCount "61"]
[WhiteFideId "1336460"]
[BlackFideId "16255852"]
[EventCountry "GER"]
[EventRounds "7"]
[EventType "team-swiss"]
[EventDate "2022.07.22"]

1. e4 {[%clk 01:30:57]} {[%emt 00:00:02]} e5 {[%clk 01:30:54]} {[%emt
00:00:07]} 2. Bc4 {[%clk 01:31:20]} {[%emt 00:00:07]} Nf6 {[%clk 01:30:26]}
{[%emt 00:00:58]} 3. d3 {[%clk 01:31:37]} {[%emt 00:00:13]} d5 {[%clk
01:27:59]} {[%emt 00:02:56]} 4. exd5 {[%clk 01:29:43]} {[%emt 00:02:25]} Nxd5
{[%clk 01:28:21]} {[%emt 00:00:08]} 5. Nf3 {[%clk 01:27:59]} {[%emt 00:02:14]}
Nc6 {[%clk 01:26:18]} {[%emt 00:02:33]} 6. h3 {[%clk 01:25:19]} {[%emt
00:03:10]} Be7 {[%clk 01:26:16]} {[%emt 00:00:33]} 7. O-O {[%clk 01:24:56]}
{[%emt 00:00:52]} O-O {[%clk 01:26:21]} {[%emt 00:00:25]} 8. Re1 {[%clk
01:24:00]} {[%emt 00:01:26]} Qd6 {[%clk 01:20:16]} {[%emt 00:06:34]} 9. a4
{[%clk 01:08:00]} {[%emt 00:16:31]} Rd8 {[%clk 01:14:35]} {[%emt 00:06:12]} 10.
Qe2 {[%clk 01:00:16]} {[%emt 00:08:13]} Nb6 {[%clk 00:09:22]} {[%emt 01:05:43]}
11. Bb3 {[%clk 00:48:14]} {[%emt 00:12:31]} Bf6 {[%clk 00:08:15]} {[%emt
00:01:38]} 12. Nc3 {[%clk 00:46:14]} {[%emt 00:02:30]} Bf5 {[%clk 00:04:54]}
{[%emt 00:03:50]} 13. Bg5 {[%clk 00:34:44]} {[%emt 00:12:00]} Nd4 {[%clk
00:03:38]} {[%emt 00:01:46]} 14. Nxd4 {[%clk 00:34:01]} {[%emt 00:01:13]} exd4
{[%clk 00:04:04]} {[%emt 00:00:04]} 15. Nb5 {[%clk 00:34:02]} {[%emt 00:00:30]}
Qd7 {[%clk 00:03:31]} {[%emt 00:01:03]} 16. Bxf6 {[%clk 00:32:27]} {[%emt
00:02:05]} gxf6 {[%clk 00:04:00]} {[%emt 00:00:01]} 17. Qe7 {[%clk 00:32:09]}
{[%emt 00:00:48]} Qxe7 {[%clk 00:02:05]} {[%emt 00:02:25]} 18. Rxe7 {[%clk
00:32:34]} {[%emt 00:00:05]} a6 {[%clk 00:01:15]} {[%emt 00:01:19]} 19. Nxc7
{[%clk 00:28:27]} {[%emt 00:04:37]} Rac8 {[%clk 00:01:38]} {[%emt 00:00:07]}
20. Rxf7 {[%clk 00:28:34]} {[%emt 00:00:23]} Kh8 {[%clk 00:01:42]} {[%emt
00:00:26]} 21. Rxf6 {[%clk 00:26:48]} {[%emt 00:02:16]} Bg6 {[%clk 00:01:38]}
{[%emt 00:00:34]} 22. Rxb6 {[%clk 00:25:18]} {[%emt 00:02:01]} Rxc7 {[%clk
00:01:52]} {[%emt 00:00:16]} 23. Re1 {[%clk 00:25:20]} {[%emt 00:00:28]} Be8
{[%clk 00:01:07]} {[%emt 00:01:15]} 24. Rf6 {[%clk 00:24:08]} {[%emt 00:01:41]}
Kg7 {[%clk 00:00:44]} {[%emt 00:00:53]} 25. Rfe6 {[%clk 00:24:26]} {[%emt
00:00:12]} Kf8 {[%clk 00:00:52]} {[%emt 00:00:22]} 26. R1e4 {[%clk 00:23:05]}
{[%emt 00:01:51]} Bc6 {[%clk 00:00:53]} {[%emt 00:00:29]} 27. Rf4+ {[%clk
00:23:14]} {[%emt 00:00:21]} Kg7 {[%clk 00:01:11]} {[%emt 00:00:12]} 28. Rg4+
{[%clk 00:23:13]} {[%emt 00:00:31]} Kh8 {[%clk 00:01:26]} {[%emt 00:00:15]} 29.
Rd6 {[%clk 00:23:13]} {[%emt 00:00:31]} Rcd7 {[%clk 00:00:42]} {[%emt
00:01:14]} 30. Rxd7 {[%clk 00:23:32]} {[%emt 00:00:11]} Bxd7 {[%clk 00:01:07]}
{[%emt 00:00:04]} 31. Rxd4 {[%clk 00:23:51]} {[%emt 00:00:11]} 1-0

[Event "DVM U20 2021"]
[Site "Kiel GER"]
[Date "2022.07.26"]
[Round "7"]
[White "Wachtel, Arthur"]
[Black "Reimer, Philip"]
[Result "0-1"]
[Termination "normal"]
[Board "4.4"]
[WhiteElo "1946"]
[BlackElo "2001"]
[WhiteClock "00:28:07"]
[BlackClock "00:28:06"]
[WhiteTeam "Schachfreunde Augsburg"]
[BlackTeam "SK Lehrte von 1919 e. V."]
[PlyCount "92"]
[WhiteFideId "12988510"]
[BlackFideId "16235860"]
[EventCountry "GER"]
[EventRounds "7"]
[EventType "team-swiss"]
[EventDate "2022.07.22"]

1. e4 {[%clk 01:30:57]} {[%emt 00:00:01]} c5 {[%clk 01:30:48]} {[%emt
00:00:13]} 2. Nf3 {[%clk 01:31:21]} {[%emt 00:00:06]} Nc6 {[%clk 01:31:14]}
{[%emt 00:00:03]} 3. Bb5 {[%clk 01:31:44]} {[%emt 00:00:07]} g6 {[%clk
01:31:41]} {[%emt 00:00:04]} 4. Bxc6 {[%clk 01:32:09]} {[%emt 00:00:06]} bxc6
{[%clk 01:32:04]} {[%emt 00:00:07]} 5. O-O {[%clk 01:32:12]} {[%emt 00:00:27]}
Bg7 {[%clk 01:32:30]} {[%emt 00:00:04]} 6. Re1 {[%clk 01:32:21]} {[%emt
00:00:21]} d6 {[%clk 01:32:41]} {[%emt 00:00:18]} 7. e5 {[%clk 01:32:28]}
{[%emt 00:00:23]} d5 {[%clk 01:32:39]} {[%emt 00:00:32]} 8. d4 {[%clk
01:31:49]} {[%emt 00:01:09]} cxd4 {[%clk 01:17:03]} {[%emt 00:16:06]} 9. Nxd4
{[%clk 01:30:02]} {[%emt 00:02:17]} Qc7 {[%clk 01:14:11]} {[%emt 00:03:23]} 10.
Bf4 {[%clk 01:26:16]} {[%emt 00:04:13]} Ba6 {[%clk 01:06:41]} {[%emt 00:08:02]}
11. c3 {[%clk 01:23:29]} {[%emt 00:03:17]} e6 {[%clk 01:05:44]} {[%emt
00:01:27]} 12. Nd2 {[%clk 01:22:12]} {[%emt 00:01:47]} Ne7 {[%clk 00:59:45]}
{[%emt 00:06:29]} 13. Qa4 {[%clk 01:16:15]} {[%emt 00:06:26]} Bd3 {[%clk
00:54:42]} {[%emt 00:05:34]} 14. Bg5 {[%clk 01:08:36]} {[%emt 00:08:10]} O-O
{[%clk 00:55:06]} {[%emt 00:00:05]} 15. Bxe7 {[%clk 01:07:47]} {[%emt
00:01:19]} Qxe7 {[%clk 00:55:34]} {[%emt 00:00:02]} 16. Nxc6 {[%clk 01:02:58]}
{[%emt 00:05:18]} Qb7 {[%clk 00:53:29]} {[%emt 00:02:36]} 17. Nb4 {[%clk
01:00:13]} {[%emt 00:03:15]} Bf5 {[%clk 00:53:01]} {[%emt 00:00:59]} 18. Qc6
{[%clk 00:58:11]} {[%emt 00:02:30]} Qb8 {[%clk 00:52:36]} {[%emt 00:00:56]} 19.
Qd6 {[%clk 00:43:12]} {[%emt 00:15:29]} Qxd6 {[%clk 00:49:42]} {[%emt
00:03:24]} 20. exd6 {[%clk 00:43:37]} {[%emt 00:00:05]} Rfd8 {[%clk 00:50:08]}
{[%emt 00:00:04]} 21. Nc6 {[%clk 00:43:15]} {[%emt 00:00:52]} Rxd6 {[%clk
00:50:27]} {[%emt 00:00:11]} 22. Ne7+ {[%clk 00:43:30]} {[%emt 00:00:15]} Kf8
{[%clk 00:50:42]} {[%emt 00:00:15]} 23. Nxf5 {[%clk 00:43:54]} {[%emt
00:00:06]} gxf5 {[%clk 00:51:03]} {[%emt 00:00:09]} 24. Nb3 {[%clk 00:39:51]}
{[%emt 00:04:33]} a5 {[%clk 00:45:51]} {[%emt 00:05:42]} 25. f4 {[%clk
00:37:31]} {[%emt 00:02:51]} Rb6 {[%clk 00:44:21]} {[%emt 00:01:59]} 26. Rab1
{[%clk 00:33:46]} {[%emt 00:04:14]} Rab8 {[%clk 00:40:12]} {[%emt 00:04:39]}
27. Re2 {[%clk 00:33:24]} {[%emt 00:00:53]} Rb5 {[%clk 00:36:13]} {[%emt
00:04:29]} 28. Nd4 {[%clk 00:31:51]} {[%emt 00:02:02]} Bxd4+ {[%clk 00:32:57]}
{[%emt 00:03:47]} 29. cxd4 {[%clk 00:32:14]} {[%emt 00:00:07]} Rb4 {[%clk
00:30:53]} {[%emt 00:02:34]} 30. Rd2 {[%clk 00:32:28]} {[%emt 00:00:16]} Ke7
{[%clk 00:22:56]} {[%emt 00:08:27]} 31. Kf2 {[%clk 00:31:06]} {[%emt 00:01:53]}
Kd6 {[%emt 00:03:41]} 32. h3 {[%clk 00:26:33]} {[%emt 00:03:58]} h5 {[%clk
00:16:45]} {[%emt 00:04:34]} 33. Ke3 {[%clk 00:26:39]} {[%emt 00:00:25]} a4
{[%clk 00:10:41]} {[%emt 00:06:33]} 34. Kd3 {[%clk 00:23:58]} {[%emt 00:03:05]}
Rc8 {[%clk 00:09:11]} {[%emt 00:02:04]} 35. Ke3 {[%clk 00:23:04]} {[%emt
00:01:24]} Rbc4 {[%clk 00:08:53]} {[%emt 00:00:50]} 36. Rbd1 {[%clk 00:21:16]}
{[%emt 00:02:17]} Kc6 {[%clk 00:07:33]} {[%emt 00:01:51]} 37. a3 {[%clk
00:17:29]} {[%emt 00:04:17]} Rb8 {[%clk 00:04:58]} {[%emt 00:03:05]} 38. Ke2
{[%clk 00:12:39]} {[%emt 00:05:20]} Rb3 {[%clk 00:04:34]} {[%emt 00:00:54]} 39.
Rb1 {[%clk 00:11:51]} {[%emt 00:01:18]} Kd6 {[%clk 00:04:19]} {[%emt 00:00:45]}
40. Rbd1 {[%clk 00:09:52]} {[%emt 00:02:28]} Rc8 {[%clk 00:03:48]} {[%emt
00:01:02]} 41. Kf2 {[%clk 00:06:15]} {[%emt 00:04:07]} Rcb8 {[%clk 00:03:47]}
{[%emt 00:00:31]} 42. Rb1 {[%clk 00:02:08]} {[%emt 00:04:36]} Rxa3 {[%clk
00:29:53]} {[%emt 00:04:25]} 43. Rc1 {[%clk 00:32:32]} {[%emt 00:00:07]} Rab3
{[%clk 00:29:30]} {[%emt 00:00:52]} 44. Rcc2 {[%clk 00:32:58]} {[%emt
00:00:04]} R8b4 {[%clk 00:28:47]} {[%emt 00:01:12]} 45. Kf1 {[%clk 00:32:34]}
{[%emt 00:00:55]} Rc4 {[%clk 00:28:00]} {[%emt 00:01:17]} 46. Rxc4 {[%clk
00:28:07]} {[%emt 00:04:57]} dxc4 {[%clk 00:28:06]} {[%emt 00:00:24]} 0-1

[Event "DVM U20 2021"]
[Site "Kiel GER"]
[Date "2022.07.26"]
[Round "7"]
[White "Weigand, Anton"]
[Black "Vuckovic, Robert"]
[Result "1/2-1/2"]
[Termination "normal"]
[Board "4.5"]
[WhiteElo "1919"]
[BlackElo "1845"]
[WhiteClock "00:23:12"]
[BlackClock "01:14:37"]
[WhiteTeam "SK Lehrte von 1919 e. V."]
[BlackTeam "Schachfreunde Augsburg"]
[PlyCount "113"]
[WhiteFideId "16221915"]
[BlackFideId "12998680"]
[EventCountry "GER"]
[EventRounds "7"]
[EventType "team-swiss"]
[EventDate "2022.07.22"]

1. e4 {[%clk 01:30:54]} {[%emt 00:00:05]} c5 {[%clk 01:30:56]} {[%emt
00:00:04]} 2. c3 {[%clk 01:31:20]} {[%emt 00:00:05]} d5 {[%clk 01:31:16]}
{[%emt 00:00:10]} 3. exd5 {[%clk 01:31:45]} {[%emt 00:00:04]} Qxd5 {[%clk
01:31:42]} {[%emt 00:00:05]} 4. d4 {[%clk 01:32:07]} {[%emt 00:00:08]} g6
{[%clk 01:32:00]} {[%emt 00:00:13]} 5. Nf3 {[%clk 01:32:13]} {[%emt 00:00:23]}
Bg7 {[%clk 01:32:14]} {[%emt 00:00:16]} 6. Nbd2 {[%clk 01:32:28]} {[%emt
00:00:15]} cxd4 {[%clk 01:31:48]} {[%emt 00:00:56]} 7. Bc4 {[%clk 01:32:15]}
{[%emt 00:00:42]} Qh5 {[%clk 01:30:35]} {[%emt 00:01:44]} 8. Qb3 {[%clk
01:22:12]} {[%emt 00:10:32]} Nh6 {[%clk 01:28:56]} {[%emt 00:02:10]} 9. Nxd4
{[%clk 01:18:09]} {[%emt 00:04:33]} O-O {[%clk 01:28:23]} {[%emt 00:01:03]} 10.
N2f3 {[%clk 01:08:57]} {[%emt 00:09:41]} a6 {[%clk 01:26:48]} {[%emt 00:02:06]}
11. O-O {[%clk 01:04:20]} {[%emt 00:05:06]} e5 {[%clk 01:27:05]} {[%emt
00:00:14]} 12. Ne2 {[%clk 01:03:57]} {[%emt 00:00:52]} Nc6 {[%clk 01:25:25]}
{[%emt 00:02:11]} 13. Bd5 {[%clk 00:59:09]} {[%emt 00:05:16]} Nf5 {[%clk
01:23:47]} {[%emt 00:02:10]} 14. h3 {[%clk 00:49:14]} {[%emt 00:10:24]} Nh4
{[%clk 01:23:48]} {[%emt 00:00:30]} 15. Ng3 {[%clk 00:41:22]} {[%emt 00:08:22]}
Nxf3+ {[%clk 01:24:10]} {[%emt 00:00:08]} 16. Bxf3 {[%clk 00:41:46]} {[%emt
00:00:06]} Qh4 {[%clk 01:24:33]} {[%emt 00:00:07]} 17. Ne4 {[%clk 00:40:06]}
{[%emt 00:02:07]} h6 {[%clk 01:23:50]} {[%emt 00:01:16]} 18. Nd6 {[%clk
00:38:29]} {[%emt 00:02:07]} Qe7 {[%clk 01:22:47]} {[%emt 00:01:32]} 19. Rd1
{[%clk 00:35:22]} {[%emt 00:03:37]} Rd8 {[%clk 01:22:51]} {[%emt 00:00:26]} 20.
Ne4 {[%clk 00:33:39]} {[%emt 00:02:13]} Be6 {[%clk 01:22:13]} {[%emt 00:01:09]}
21. Qb6 {[%clk 00:31:44]} {[%emt 00:02:22]} Rxd1+ {[%clk 01:17:07]} {[%emt
00:05:39]} 22. Bxd1 {[%clk 00:30:46]} {[%emt 00:01:27]} Rd8 {[%clk 01:17:33]}
{[%emt 00:00:05]} 23. Bb3 {[%clk 00:29:44]} {[%emt 00:01:29]} Bxb3 {[%clk
01:14:06]} {[%emt 00:03:59]} 24. Qxb3 {[%clk 00:28:45]} {[%emt 00:01:29]} Na5
{[%clk 01:09:34]} {[%emt 00:05:02]} 25. Qc2 {[%clk 00:26:38]} {[%emt 00:02:36]}
f5 {[%clk 01:09:46]} {[%emt 00:00:20]} 26. Nd2 {[%clk 00:26:27]} {[%emt
00:00:40]} Kh7 {[%clk 01:08:11]} {[%emt 00:02:06]} 27. b3 {[%clk 00:24:33]}
{[%emt 00:02:25]} Qd6 {[%clk 01:07:12]} {[%emt 00:01:28]} 28. Nf1 {[%clk
00:24:47]} {[%emt 00:00:15]} e4 {[%clk 01:06:15]} {[%emt 00:01:28]} 29. Bb2
{[%clk 00:24:59]} {[%emt 00:00:17]} Nc6 {[%clk 01:04:51]} {[%emt 00:01:55]} 30.
c4 {[%clk 00:22:18]} {[%emt 00:03:11]} Nd4 {[%clk 01:04:25]} {[%emt 00:00:56]}
31. Bxd4 {[%clk 00:22:14]} {[%emt 00:00:34]} Bxd4 {[%clk 01:04:44]} {[%emt
00:00:10]} 32. Re1 {[%clk 00:21:06]} {[%emt 00:01:33]} Bc5 {[%clk 01:03:27]}
{[%emt 00:01:52]} 33. Ne3 {[%clk 00:19:16]} {[%emt 00:02:21]} Qd2 {[%clk
01:03:43]} {[%emt 00:00:14]} 34. Re2 {[%clk 00:17:55]} {[%emt 00:01:51]} Qxc2
{[%clk 00:54:12]} {[%emt 00:10:01]} 35. Rxc2 {[%clk 00:18:04]} {[%emt
00:00:20]} Bxe3 {[%clk 00:50:53]} {[%emt 00:03:49]} 36. fxe3 {[%clk 00:18:25]}
{[%emt 00:00:09]} Rd3 {[%clk 00:51:20]} {[%emt 00:00:05]} 37. Kf2 {[%clk
00:18:47]} {[%emt 00:00:07]} g5 {[%clk 00:51:05]} {[%emt 00:00:45]} 38. g3
{[%clk 00:17:40]} {[%emt 00:01:36]} Kg6 {[%clk 00:51:26]} {[%emt 00:00:09]} 39.
Ke2 {[%clk 00:15:12]} {[%emt 00:02:59]} f4 {[%clk 00:51:38]} {[%emt 00:00:18]}
40. gxf4 {[%clk 00:12:52]} {[%emt 00:02:50]} gxf4 {[%clk 00:51:54]} {[%emt
00:00:14]} 41. exf4 {[%clk 00:13:11]} {[%emt 00:00:11]} Rxh3 {[%clk 00:52:17]}
{[%emt 00:00:07]} 42. Rc1 {[%clk 00:12:32]} {[%emt 00:01:08]} Kf5 {[%clk
00:52:29]} {[%emt 00:00:19]} 43. Rf1 {[%clk 00:10:58]} {[%emt 00:02:02]} h5
{[%clk 00:52:45]} {[%emt 00:00:16]} 44. Rg1 {[%clk 00:02:55]} {[%emt 00:08:32]}
Kxf4 {[%clk 00:53:05]} {[%emt 00:00:10]} 45. Rg7 {[%clk 00:03:17]} {[%emt
00:00:07]} Rh2+ {[%clk 00:53:25]} {[%emt 00:00:11]} 46. Kf1 {[%clk 00:03:34]}
{[%emt 00:00:12]} Rxa2 {[%clk 00:51:15]} {[%emt 00:02:42]} 47. Rxb7 {[%clk
00:03:55]} {[%emt 00:00:08]} Kf3 {[%clk 00:49:36]} {[%emt 00:02:10]} 48. Rf7+
{[%clk 00:04:10]} {[%emt 00:00:14]} Ke3 {[%clk 00:50:03]} {[%emt 00:00:04]} 49.
Rh7 {[%clk 00:03:05]} {[%emt 00:01:33]} Ra5 {[%clk 00:48:11]} {[%emt 00:02:23]}
50. b4 {[%clk 00:01:06]} {[%emt 00:02:29]} Rf5+ {[%clk 00:48:10]} {[%emt
00:00:31]} 51. Ke1 {[%clk 00:30:29]} {[%emt 00:01:03]} Kd4 {[%clk 01:18:18]}
{[%emt 00:00:26]} 52. c5 {[%clk 00:29:02]} {[%emt 00:01:57]} Kc4 {[%clk
01:18:27]} {[%emt 00:00:22]} 53. Rb7 {[%clk 00:28:27]} {[%emt 00:01:05]} h4
{[%clk 01:17:27]} {[%emt 00:01:30]} 54. c6 {[%clk 00:28:50]} {[%emt 00:00:07]}
Rf8 {[%clk 01:15:32]} {[%emt 00:02:24]} 55. Rh7 {[%clk 00:26:35]} {[%emt
00:02:45]} Rc8 {[%clk 01:14:37]} {[%emt 00:01:26]} 56. Rxh4 {[%clk 00:25:15]}
{[%emt 00:01:49]} Kd3 {[%clk 01:14:37]} {[%emt 00:00:30]} 57. Rh6 {[%clk
00:23:12]} {[%emt 00:02:33]} 1/2-1/2